00650cam a22002291 4500001001300000003000400013005001700017008004100034010001700075035002000092040001800112041001100130042001200141050001400153100004200167245004200209260001100251300005600262500004100318650004400359999001700403sa 67001504 DLC20260227112323.0890706s1962 ii 000 0 urdr  asa 67001504  a(OCoLC)19968738 aDLCcWaUdDLC0 aurdara apremarc00aBP45b.H81 aHusaini, Qari Syed Kalimullah,d1904-10aGuldastah-yi Qurʼān o ḥadīs̲. c[1962] a98 (i.e. 89) p. (p. [86]-89 advertisements)c18 cm. aArabic and Urdu; commentary in Urdu. 0aIslamic religious educationxTextbooks. c72678d72678